Nintendo Game Console Controllers - Statistics

General Stats
  • This quiz has been taken 128 times
  • The average score is 54 of 64
Answers on the Map
Answers color-coded by a green-red scale on the quiz's map according to % correct below.
 
Answer Stats
Console Answer % Correct
Wii A
99%
NES A
99%
SNES A
99%
Nintendo 64 A
99%
GameCube A
99%
Wii B
99%
NES B
99%
SNES B
99%
Nintendo 64 B
99%
GameCube B
99%
Wii D-pad Down
94%
NES D-pad Down
94%
SNES D-pad Down
94%
Nintendo 64 D-pad Down
94%
GameCube D-pad Down
94%
Wii D-pad Left
94%
NES D-pad Left
94%
SNES D-pad Left
94%
Nintendo 64 D-pad Left
94%
GameCube D-pad Left
94%
Wii D-pad Right
94%
NES D-pad Right
94%
SNES D-pad Right
94%
Nintendo 64 D-pad Right
94%
GameCube D-pad Right
94%
Wii D-pad Up
94%
NES D-pad Up
94%
SNES D-pad Up
94%
Nintendo 64 D-pad Up
94%
GameCube D-pad Up
94%
SNES X
93%
GameCube X
93%
Wii Z
92%
Nintendo 64 Z
92%
GameCube Z
92%
SNES Y
91%
GameCube Y
91%
NES Start
90%
SNES Start
90%
Nintendo 64 Start
90%
GameCube Start
90%
Wii C
89%
Wii 1
88%
Wii 2
88%
Wii Home
84%
Wii Power
83%
Wii Joystick
80%
Nintendo 64 Joystick
80%
GameCube Joystick
80%
NES Select
78%
SNES Select
78%
Wii Minus
76%
Wii Plus
76%
SNES Left Shoulder
64%
Nintendo 64 Left Shoulder
64%
GameCube Left Shoulder
64%
SNES Right Shoulder
64%
Nintendo 64 Right Shoulder
64%
GameCube Right Shoulder
64%
GameCube C Joystick
48%
Nintendo 64 C-pad Left
35%
Nintendo 64 C-pad Up
34%
Nintendo 64 C-pad Down
33%
Nintendo 64 C-pad Right
33%
No matching quizzes found
Score Distribution
Percent of People with Each Score
Percentile by Number Answered
Your Score History
You have not taken this quiz